000 00346nam a2200133Ia 4500
008 240624s9999 xx 000 0 und d
041 _aeng
082 _a364.16 GER
100 _aGERBER JURG
245 _aENCYCLOPEDIA OF WHITE COLLAR CRIME
260 _c2007
_aLondon
_bGreenwood Press
300 _axviii, : 316 : p. : cm. ; 26
365 _c
_b26
999 _c20629
_d20629